• 首页
  • 本馆介绍
  • 公告通知
  • 最新文献
  • 馆藏检索
  • 电子资源
  • 读者导购
  • 参考咨询
  • 我的图书馆
  • 登录
  • 详细信息显示
  • 放入我的书架
  • 预约/预借图书
  • 作者相关作品
  • 分类相关作品
  • 丛书相关作品
  • 出版社相关作品

书目信息

  • 表格格式
  • 工作单格式
  • 卡片格式
题名:
保教知识与能力
    
 
作者: 刘曼 主编
分册:   幼儿园
出版信息: 广州   华南理工大学出版社  2018.08
页数: 239页
开本: 29cm
丛书名:
单 册:
中图分类: G451.1 , G615
科图分类:
主题词: 幼教人员--教学能力--资格考试--教材 , 学前教育--幼教人员--资格考试--教材
电子资源:
ISBN: 978-7-5623-5750-6
000 00989nam0 2200265 450
001 0108153905
005 20210308154401.0
010    @a978-7-5623-5750-6@dCNY46.00
100    @a20190424d2018 em y0chiy50 ea
101 0  @achi
102    @aCN@b440000
105    @ay z 000yy
106    @ar
200 1  @a保教知识与能力@Abao jiao zhi shi yu neng li@i幼儿园@f刘曼主编
210    @a广州@c华南理工大学出版社@d2018.08
215    @a239页@d29cm
300    @a全国职业教育“十三五”规划教材全国教师资格考试专用教材适用于全国统考省(自治区、直辖市)
330    @a本书分学前儿童发展、学前教育原理、幼儿园生活指导、环境创设、游戏活动的指导、教育活动的组织与实施、教育评价七个模块;每个模块又包括考纲内容、考点聚焦、知识图解、案例分析等内容。
606 0  @a幼教人员@x教学能力@x资格考试@j教材
606 0  @a学前教育@x幼教人员@x资格考试@j教材
690    @aG451.1@v5
690    @aG615@v5
701  0 @a刘曼@Aliu man@4主编
801  0 @aCN@bBJSZM@c20210308
905    @b1271636-40@dG451.1@e459@f5
    
    保教知识与能力.幼儿园/刘曼主编.-广州:华南理工大学出版社,2018.08
    239页;29cm
    全国职业教育“十三五”规划教材全国教师资格考试专用教材适用于全国统考省(自治区、直辖市)
    
    ISBN 978-7-5623-5750-6:CNY46.00
    本书分学前儿童发展、学前教育原理、幼儿园生活指导、环境创设、游戏活动的指导、教育活动的组织与实施、教育评价七个模块;每个模块又包括考纲内容、考点聚焦、知识图解、案例分析等内容。
●
相关链接 在E读中查询图书 在五车中查询图书 在当当中查询图书 在豆瓣中查询图书


正题名:保教知识与能力     索取号:G451.1/459         预约/预借

序号 登录号 条形码 馆藏地/架位号 状态 备注
1 1271636   212716364   第一样本阅览室/ [索取号:G451.1/459] 在馆    
2 1271637   212716373   教育系资料室/ [索取号:G451.1/459] 在馆    
3 1271638   212716382   教育系资料室/ [索取号:G451.1/459] 在馆    
4 1271639   212716391   第四借阅区/ [索取号:G451.1/459] 在馆    
5 1271640   212716408   第四借阅区/ [索取号:G451.1/459] 在馆    
唐山师范学院图书馆 欢迎您!
大连网信软件有限公司© 版权所有